00670nam a2200241Ia 4500003000400000005001700004008004100021020001800062040001800080041000800098082002100106100002300127245002700150250001200177260004600189300003200235650002600267650001600293650003300309650004500342700002100387700002000408OSt20220207192337.0210716s2006 xx 000 0 und d a9788126510511 cAIMIT LIBRARY aeng a657.42 24bWEYJ aWeygandt, Jerry J. aFinancial accounting / a4th ed. aNew Delhi :bWiley India Pvt Ltd ,c2006. axxxv,736,A32-I6p. ;c25.3cm aFinancial Accounting. aInvestment. aThe Statement of Cash Flows. aAccounting for Merchandising Operation.. aKieso, Donald E. aKimmel, Paul D.